00530nam a2200193 4500003001100000005001700011008004100028020001500069040003900084041000800123082001700131100002100148245004200169260003500211300002000246490002300266650002700289650002000316LK-CoMWRAF20231207091006.0231202b1997 |||||||| |||| 00| 0 eng d a8175540656 aLK-CoMWRAFdLK-CoMWRAFeLK-CoMWRAF aeng a658.456bFOR aForsyth, Patrick a 30 minutes ... before a presentation aNe Delhi:b Kogan Page, c1997 a 64 p. ; 18 cm. a 30 minutes series aBUSINESS PRESENTATIONS aPublic speaking